Statistics for Christmas Quiz

Click here to take the quiz!

General Stats

  • This quiz has been taken 41 times
  • The average score is 22 of 50

Answer Stats

Answer% Correct
How many times does Santa say “Ho”?3
91%
Who "Stole Christmas"?The Grinch
91%
What is the traditional holiday drink?Egg nog
86%
Where was baby Jesus born?Bethlehem
83%
What are you supposed to do when you find yourself under the mistletoe?Kiss
80%
True or false: “Jingle Bells” was always intended to be a Christmas songFalse
77%
How do you say "Merry Christmas" in Spanish?Feliz Navidad
74%
True or False: The reindeer pulling Santa’s sleigh are all girlsTrue
74%
In the song “We Wish You A Merry Christmas”, what else do we wish for?A happy new year
66%
Finish the lyrics from Silent Night: “holy night, all is calm, all is _.”Bright
66%
What is put into the stocking of a naughty child?Coal
66%
‘Twas the night before Christmas, when all thro’ the house, not a creature was
stirring, not even a _.”
Mouse
66%
In “I Saw __ Kissing Santa Claus,” who did the narrator see kissing Santa
Claus under the mistletoe?
mommy
63%
How old was the girl who sang “I want a Hippopotamus for Christmas”?10
60%
Where does the Polar Express take the children?North Pole
60%
In Home Alone, where are the McCallisters going on vacation when they leave Kevin behind?Paris
60%
How many times does Santa check his list?Twice
60%
What Christmas-themed ballet premiered in Saint Petersburg, Russia in 1892?The Nutcracker
57%
How many gifts were received at Jesus’ birth?Three
57%
Elvis is not going to have a white Christmas, he’s going to have a:Blue Christmas
54%
According to legend, what holiday goodies were shaped to resemble a
shepherd’s staff, as a way to remind children of the shepherds who visited baby
Jesus?
Candy cane
54%
In Home Along 2, what city does Kevin mistakenly get lost in?New York City
51%
What food do children typically leave out for reindeer on Christmas Eve?Carrots
49%
What animal can make clicking noises with their knees to make it easier to stay in herd during a blizzard?Reindeer
49%
How many ghosts show up in A Christmas Carol?Four
46%
The movie Miracle on 34th Street is based on a real-life department store. What is it?Macy's
46%
What Christmas decoration is a symbol for Jesus and hung on doors?wreath
46%
What danced in the children's heads as they dreamed Christmas Eve?Sugar Plums
43%
Which one of Santa's reindeer has the same name as another holiday mascot?Cupid
40%
What action movie with Bruce Willis is considered a Christmas movie by some?Die Hard
40%
What was the first Christmas song to be sung in outer space?Jingle Bells
34%
Which Christmas song contains the lyric "Everyone dancing merrily in the new old-fashioned way?"Rocking Around The Christmas Tree
31%
What does Santa say to Ralphie when he says he wants a BB gun for Christmas in The Christmas Story?You’ll shoot your eye out
29%
In the story of a Christmas Carol, what is Scrooge’s first name?Ebeneezer
26%
Who is the opposite of Santa ClausKrampus
26%
What items are left out for Santa on Christmas Eve?Milk and cookies
26%
In the classic Christmas movie, How The Grinch Stole Christmas, the Grinch was described with three words. What are they?Stink, stank, stunk
26%
What did Frosty The Snowman do when a magic hat was placed on his head?Dance around
23%
What’s the name of the Grinch’s dog?Max
23%
What magical object did Bernard give Charlie in The Santa Clausesnowglobe
17%
To let Santa know what they want for Christmas, children do this _________.Write a letter to Santa
17%
When does Christmas truly start?November 1st
14%
What was the real name of the character Tim Allen plays in The Santa Clause?Scott Calvin
14%
How many lights were on the Griswold’s house in Christmas Vacation?25000
11%
Buddy the elf sticks to the four main food groups: candy, candy canes, candy
corns and __.
Syrup
11%
What is Ralphie’s little brother’s name in the movie A Christmas Story?Randy
9%
“The best way to spread Christmas cheer is __.” -ElfSinging loud for all to hear
9%
In A Christmas Story, what gift does Ralphie receive from his aunt?pink bunny pajamas
6%
In the movie Elf, what was the first rule of The Code of Elves?Treat every day like Christmas
6%
What were the three gifts given by the wise men?Gold, incense, myrrh
0%

Score Distribution

Percentile by Number Answered

Percent of People with Each Score

Your Score History

You have not taken this quiz